[Event "Cesme op-A 11th"]
[Site "Izmir"]
[Date "2025.06.29"]
[Round "9"]
[White "Isgenderova, Hayale"]
[Black "Odeev, Handszar"]
[Result "1/2-1/2"]
[WhiteElo "2091"]
[BlackElo "2253"]
[PlyCount "59"]
[EventDate "2025.06.23"]
[EventType "swiss"]
[EventRounds "9"]
[EventCountry "TUR"]
[SourceTitle "CB27_2025"]
[SourceDate "2025.07.02"]
[SourceVersion "1"]
[SourceVersionDate "2025.07.02"]
[SourceQuality "1"]

1. e4 c5 2. Nc3 d6 3. f4 Nc6 4. Nf3 Nf6 5. Bb5 Bd7 6. 0-0 e6 7. e5 dxe5 8. fxe5 Ng4 9. Qe2 Qc7 10. d3 h5 11. h3 Nd4 12. Nxd4 cxd4 13. Bxd7+ Qxd7 14. hxg4 dxc3 15. bxc3 Rc8 16. Bd2 hxg4 17. Qxg4 g6 18. Rf3 Bg7 19. Re1 Rh5 20. Ref1 Bxe5 21. Rxf7 Bh2+ 22. Kh1 Qxf7 23. Rxf7 Kxf7 24. Qf3+ Rf5 25. Qxb7+ Rc7 26. Qe4 Bg3 27. Kg1 Bf2+ 28. Kf1 Bg3+ 29. Kg1 Bf2+ 30. Kf1 1/2-1/2

[Event "TUR-ch (Women)"]
[Site "Gaziantep"]
[Date "2024.03.06"]
[Round "6"]
[White "Gonultas, Bakriya Anastasya"]
[Black "Isgenderova, Hayale"]
[Result "0-1"]
[WhiteElo "1593"]
[BlackElo "2143"]
[PlyCount "78"]
[EventDate "2024.03.03"]
[EventType "swiss"]
[EventRounds "9"]
[EventCountry "TUR"]
[SourceTitle "CBM 219 Extra"]
[Source "ChessBase"]
[SourceDate "2024.05.31"]
[SourceVersion "1"]
[SourceVersionDate "2024.05.31"]
[SourceQuality "1"]

1. e4 e6 2. c4 d5 3. cxd5 exd5 4. exd5 Nf6 5. Nf3 Be7 6. Bb5+ Nbd7 7. Nc3 0-0 8. 0-0 Nb6 9. d4 Bg4 10. h3 Bh5 11. Qd3 a6 12. Bc4 Bxf3 13. gxf3 Qd7 14. Kg2 Nxc4 15. Qxc4 Rad8 16. Be3 Bd6 17. Ne4 Qf5 18. Nxd6 cxd6 19. Rad1 Nxd5 20. Qd3 Qh5 21. Rg1 Rfe8 22. Bd2 Qg6+ 23. Qxg6 hxg6 24. Rge1 f6 25. f4 Kf7 26. Kf3 Rh8 27. Rh1 Rh5 28. Rc1 Rdh8 29. Kg3 Ke6 30. f3 Kd7 31. h4 Ne7 32. Bb4 Nf5+ 33. Kf2 Rxh4 34. Rxh4 Rxh4 35. d5 Rh2+ 36. Kg1 Rxb2 37. Ba5 b6 38. Be1 Ne3 39. Bf2 Nxd5 0-1

[Event "TUR-ch (Women)"]
[Site "Gaziantep"]
[Date "2024.03.05"]
[Round "4"]
[White "Kalyoncu, Beren"]
[Black "Isgenderova, Hayale"]
[Result "0-1"]
[WhiteElo "1720"]
[BlackElo "2143"]
[PlyCount "92"]
[EventDate "2024.03.03"]
[EventType "swiss"]
[EventRounds "9"]
[EventCountry "TUR"]
[SourceTitle "CBM 219 Extra"]
[Source "ChessBase"]
[SourceDate "2024.05.31"]
[SourceVersion "1"]
[SourceVersionDate "2024.05.31"]
[SourceQuality "1"]

1. e4 e6 2. d4 d5 3. e5 c5 4. c3 Nc6 5. Nf3 Qb6 6. Na3 Bd7 7. Nc2 cxd4 8. cxd4 Rc8 9. Bd2 Na5 10. b3 Bb5 11. Bxb5+ Qxb5 12. Rc1 Ne7 13. Qe2 Qxe2+ 14. Kxe2 Nec6 15. h4 Be7 16. h5 h6 17. Rh3 Kd7 18. Rg3 Rhg8 19. Nce1 Bb4 20. Nd3 Bxd2 21. Kxd2 b6 22. Rc2 Ne7 23. Rxc8 Kxc8 24. Rh3 g6 25. hxg6 Rxg6 26. Nf4 Rg4 27. g3 Nf5 28. Nh2 Rg8 29. Kc3 Nc6 30. Ne2 Rh8 31. g4 Ng7 32. Ng3 Kd7 33. Ne2 Rc8 34. Kb2 Nb4 35. Ka3 a5 36. Rc3 Rxc3 37. Nxc3 Nc2+ 38. Ka4 Nxd4 39. Nb5 Nc6 40. f4 Ne8 41. Nf3 Nb4 42. Nc3 Kc6 43. f5 Kc5 44. fxe6 fxe6 45. a3 Nd3 46. Ne2 Nb2# 0-1

[Event "Ankara Is Bank Cup Kirmizi"]
[Site "Ankara"]
[Date "2023.11.24"]
[Round "3"]
[White "Gokerkan, Cem Kaan"]
[Black "Isgenderova, Hayale"]
[Result "1-0"]
[WhiteElo "2523"]
[BlackElo "2086"]
[PlyCount "101"]
[EventDate "2023.11.23"]
[EventType "tourn"]
[EventRounds "5"]
[EventCountry "TUR"]
[EventCategory "8"]
[SourceTitle "CBM 217 Extra"]
[Source "ChessBase"]
[SourceDate "2024.01.31"]
[SourceVersion "1"]
[SourceVersionDate "2024.01.31"]
[SourceQuality "1"]

1. Nf3 d5 2. g3 Nf6 3. Bg2 e6 4. 0-0 b6 5. c4 Bb7 6. cxd5 exd5 7. d4 Be7 8. Nc3 0-0 9. Bf4 a6 10. Rc1 Nbd7 11. Qb3 Re8 12. Rfd1 Bd6 13. e3 Qe7 14. Bxd6 Qxd6 15. Rc2 h6 16. Ne2 Ne4 17. Nf4 a5 18. Rdc1 a4 19. Qd3 Ba6 20. Qd1 Bc4 21. Nd2 Nxd2 22. Qxd2 Rac8 23. b3 axb3 24. axb3 Bxb3 25. Rc6 Qa3 26. Nxd5 Bxd5 27. Bxd5 Nf6 28. Bf3 b5 29. Rb1 Rb8 30. Rxc7 b4 31. Qc1 Qd3 32. Qc2 Qxc2 33. Rxc2 Re6 34. Rb3 Reb6 35. e4 Rb5 36. Rc4 Kf8 37. Kg2 Ke7 38. e5 Ne8 39. Bc6 R5b6 40. d5 f6 41. f4 Kf7 42. Kf3 Nc7 43. Ke3 Rd8 44. d6 Na6 45. Kd4 fxe5+ 46. fxe5 Ke6 47. Bd5+ Kd7 48. Rf3 b3 49. Rf7+ Ke8 50. Re7+ Kf8 51. Rc1 1-0

[Event "EU-chT (Women) 24th"]
[Site "Budva"]
[Date "2023.11.14"]
[Round "4.3"]
[White "Isgenderova, Hayale"]
[Black "Cramling Bellon, Anna"]
[Result "1-0"]
[WhiteElo "2086"]
[BlackElo "2085"]
[PlyCount "73"]
[EventDate "2023.11.11"]
[EventType "team-swiss"]
[EventRounds "9"]
[EventCountry "MNE"]
[SourceTitle "CBM 217 Extra"]
[Source "ChessBase"]
[SourceDate "2024.01.31"]
[SourceVersion "1"]
[SourceVersionDate "2024.01.31"]
[SourceQuality "1"]
[WhiteTeam "Turkey (W)"]
[BlackTeam "Sweden (W)"]
[WhiteTeamCountry "TUR"]
[BlackTeamCountry "SWE"]

1. e4 c5 2. Nf3 e6 3. d3 d5 4. Nbd2 Nc6 5. g3 Nf6 6. Bg2 h5 7. 0-0 Be7 8. Re1 Qc7 9. exd5 exd5 10. Nb3 0-0 11. Bg5 Ng4 12. h3 Bxg5 13. Nxg5 Nf6 14. Nxc5 Nb4 15. d4 Bf5 16. c3 Nc2 17. Re5 Nxa1 18. Rxf5 b6 19. Nd3 Qc4 20. Nf4 Qxa2 21. Kh2 Qxb2 22. Nxd5 Qc2 23. Ne7+ Kh8 24. Nxf7+ Rxf7 25. Rxh5+ Nh7 26. Qxc2 Nxc2 27. Ng6+ Kg8 28. Bxa8 Rxf2+ 29. Kg1 Rf7 30. Bd5 Ne3 31. Be6 a5 32. Ne5 g6 33. Bxf7+ Kg7 34. Bxg6 Nf6 35. Rg5 Kh6 36. h4 a4 37. Bb1 1-0

[Event "TUR-chT 2nd League"]
[Site "Denizli"]
[Date "2023.07.12"]
[Round "5.25"]
[White "Isgenderova, Hayale"]
[Black "Ismayil, Malak"]
[Result "1-0"]
[WhiteElo "2173"]
[BlackElo "2158"]
[PlyCount "181"]
[EventDate "2023.07.09"]
[EventType "team-swiss"]
[EventRounds "9"]
[EventCountry "TUR"]
[SourceTitle "CBM 215 Extra"]
[Source "ChessBase"]
[SourceDate "2023.09.30"]
[SourceVersion "1"]
[SourceVersionDate "2023.09.30"]
[SourceQuality "1"]
[WhiteTeam "Yildiz"]
[BlackTeam "Ankara Genclik"]
[WhiteTeamCountry "TUR"]
[BlackTeamCountry "TUR"]

1. e4 e5 2. Nf3 Nc6 3. Bc4 Bc5 4. c3 Nf6 5. d3 d6 6. b4 Bb6 7. a4 a6 8. Ba3 0-0 9. Nbd2 Qe8 10. 0-0 Kh8 11. h3 Bd7 12. Bb3 Ne7 13. Nc4 Ba7 14. a5 Ng6 15. Re1 Qc8 16. d4 Bxh3 17. gxh3 Qxh3 18. Nh2 Nh4 19. Ne3 exd4 20. cxd4 Nxe4 21. Qg4 Nxf2 22. Qxh3 Nxh3+ 23. Kf1 Bxd4 24. Rac1 Be5 25. Neg4 f6 26. Re3 Ng5 27. Rxc7 h5 28. Nxe5 fxe5+ 29. Kg1 Nf5 30. Rec3 Nd4 31. Bc4 Rac8 32. Bf1 Rb8 33. b5 axb5 34. Bxd6 Rfe8 35. Rd7 Ra8 36. Rcc7 Nf5 37. Bb4 Re6 38. Rxb7 Rg6 39. Kf2 Ne4+ 40. Ke1 Nd4 41. Bd3 Rg1+ 42. Nf1 Nf6 43. Rf7 e4 44. Be2 Nd5 45. Bc5 Nxe2 46. Bxg1 Nxg1 47. Rxb5 Nf6 48. Rfb7 Nf3+ 49. Kf2 Kh7 50. Ne3 Kg6 51. Nf5 Ng4+ 52. Kg3 Nfe5 53. Nxg7 Rg8 54. R5b6+ Kg5 55. Ne6+ Kf5 56. Nd4+ Kg5 57. Rb8 h4+ 58. Kh3 Rxb8 59. Rxb8 Ng6 60. Ne2 Nf2+ 61. Kg2 e3 62. Rb5+ Kg4 63. Rb4+ Kg5 64. a6 Nd3 65. Rb5+ Kg4 66. a7 h3+ 67. Kh2 Nh4 68. a8Q Nf3+ 69. Qxf3+ Kxf3 70. Ng1+ Kf2 71. Nxh3+ Ke1 72. Rd5 Nc1 73. Nf4 Kf2 74. Rc5 Nb3 75. Re5 Nc1 76. Ng2 Nd3 77. Rxe3 Nf4 78. Rb3 Nd5 79. Rb2+ Kf3 80. Ne1+ Ke4 81. Kg3 Kd4 82. Kf3 Nc3 83. Rh2 Kc4 84. Rh4+ Kb3 85. Ke3 Na4 86. Nd3 Ka3 87. Kd2 Nb6 88. Rd4 Ka2 89. Kc2 Ka3 90. Nc5 Ka2 91. Rb4 1-0

[Event "Marmaris Cleopatra (Women)"]
[Site "Marmaris"]
[Date "2018.10.27"]
[Round "3.5"]
[White "Isgenderova, Hayale"]
[Black "Dimitrijevic, Aleksandra"]
[Result "1-0"]
[WhiteElo "2194"]
[BlackElo "2189"]
[PlyCount "81"]
[EventDate "2018.10.26"]
[EventType "schev"]
[EventRounds "10"]
[EventCountry "TUR"]
[SourceTitle "CBM 187 Extra"]
[Source "ChessBase"]
[SourceDate "2018.11.04"]
[SourceVersion "1"]
[SourceVersionDate "2018.11.04"]
[SourceQuality "1"]

1. e4 c5 2. Nc3 e6 3. d3 d5 4. g3 Nc6 5. Bg2 Nf6 6. Nge2 d4 7. Nb1 Be7 8. 0-0 0-0 9. f4 a6 10. a4 Rb8 11. h3 b5 12. axb5 axb5 13. Nd2 Bb7 14. g4 Nd7 15. Ng3 Nb4 16. Nf3 Qb6 17. f5 c4 18. Kh1 cxd3 19. cxd3 Nc5 20. Ne1 Bh4 21. Bf4 Rbe8 22. Kh2 e5 23. Bd2 Nbxd3 24. Nxd3 Bxg3+ 25. Kxg3 Nxe4+ 26. Bxe4 Bxe4 27. Bb4 Bxd3 28. Qxd3 e4 29. Qa3 d3 30. Bxf8 Qe3+ 31. Kg2 Rxf8 32. f6 h5 33. fxg7 Rc8 34. Rac1 Qd2+ 35. Kg1 Qe3+ 36. Kh2 Re8 37. Qb3 Qa7 38. Qxb5 Qb8+ 39. Qxb8 Rxb8 40. Rce1 Rxb2+ 41. Kg3 1-0

[Event "TUR-chT 2nd League"]
[Site "Konya"]
[Date "2018.07.19"]
[Round "5.2"]
[White "Isgenderova, Hayale"]
[Black "Velikic, Adela"]
[Result "0-1"]
[WhiteElo "2218"]
[BlackElo "2299"]
[PlyCount "96"]
[EventDate "2018.07.16"]
[EventType "team-swiss"]
[EventRounds "9"]
[EventCountry "TUR"]
[SourceTitle "EXT 2019"]
[Source "ChessBase"]
[SourceDate "2018.10.10"]
[SourceVersion "1"]
[SourceVersionDate "2018.10.10"]
[SourceQuality "1"]
[WhiteTeam "Pendik Dernegi"]
[BlackTeam "Olbia VE Spor"]
[WhiteTeamCountry "TUR"]
[BlackTeamCountry "TUR"]

1. e4 c6 2. d4 d5 3. Nc3 dxe4 4. Nxe4 Bf5 5. Ng3 Bg6 6. h4 h6 7. Nf3 Nd7 8. h5 Bh7 9. Bd3 Bxd3 10. Qxd3 e6 11. Bd2 Ngf6 12. 0-0-0 a5 13. Ne4 Nxe4 14. Qxe4 Nf6 15. Qe2 a4 16. c4 Be7 17. Bc3 0-0 18. Ne5 Qc7 19. g4 b5 20. g5 hxg5 21. h6 g6 22. d5 cxd5 23. h7+ Kg7 24. cxb5 Ne4 25. Qxe4 dxe4 26. Rd7 Qc5 27. Nd3+ Qxc3+ 28. bxc3 Ba3+ 29. Nb2 Rab8 30. c4 Rfc8 31. h8Q+ Rxh8 32. Rxh8 Rxh8 33. b6 e3 34. Rd1 exf2 35. Rf1 Rb8 36. Kc2 Bxb2 37. Kxb2 Rxb6+ 38. Ka3 Rc6 39. Kb4 g4 40. Rxf2 f5 41. Kb5 Rc8 42. Rg2 Kf6 43. c5 Kg5 44. c6 f4 45. Kb6 f3 46. Rd2 g3 47. Kb7 Rxc6 48. Kxc6 g2 0-1

[Event "TUR-chT 2nd League"]
[Site "Konya"]
[Date "2018.07.16"]
[Round "1.2"]
[White "Abdulla, Khayala Mardan Qizi"]
[Black "Isgenderova, Hayale"]
[Result "1-0"]
[WhiteElo "2231"]
[BlackElo "2218"]
[PlyCount "46"]
[EventDate "2018.07.16"]
[EventType "team-swiss"]
[EventRounds "9"]
[EventCountry "TUR"]
[SourceTitle "EXT 2019"]
[Source "ChessBase"]
[SourceDate "2018.10.10"]
[SourceVersion "1"]
[SourceVersionDate "2018.10.10"]
[SourceQuality "1"]
[WhiteTeam "Denizli Ihtisas"]
[BlackTeam "Pendik Dernegi"]
[WhiteTeamCountry "TUR"]
[BlackTeamCountry "TUR"]

1. e4 e6 2. d4 d5 3. Nd2 c5 4. exd5 Qxd5 5. Ngf3 cxd4 6. Bc4 Qd7 7. Nb3 Nc6 8. Nbxd4 Nxd4 9. Nxd4 a6 10. Be3 b5 11. Bb3 Bb7 12. 0-0 Nf6 13. a4 e5 14. Nf3 Bd6 15. axb5 axb5 16. Rxa8+ Bxa8 17. Bg5 Qc6 18. c4 Ke7 19. cxb5 Qxb5 20. Nh4 Be4 21. Re1 Rb8 22. Rxe4 Qxb3 23. Nf5+ Ke6 1-0

[Event "EU-chT (Women) 21st"]
[Site "Heraklion"]
[Date "2017.11.04"]
[Round "7.4"]
[White "Isgenderova, Hayale"]
[Black "Guichard, Pauline"]
[Result "1-0"]
[WhiteElo "2242"]
[BlackElo "2285"]
[PlyCount "77"]
[EventDate "2017.10.28"]
[EventType "team-swiss"]
[EventRounds "9"]
[EventCountry "GRE"]
[SourceTitle "CBM 181 Extra"]
[Source "ChessBase"]
[SourceDate "2017.12.12"]
[SourceVersion "1"]
[SourceVersionDate "2017.12.12"]
[SourceQuality "1"]
[WhiteTeam "Turkey (W)"]
[BlackTeam "France (W)"]
[WhiteTeamCountry "TUR"]
[BlackTeamCountry "FRA"]

1. e4 g6 2. d4 Bg7 3. Nc3 d6 4. f4 Nf6 5. Nf3 0-0 6. Bd3 Nc6 7. 0-0 e5 8. dxe5 dxe5 9. fxe5 Nxe5 10. Nxe5 Qd4+ 11. Kh1 Qxe5 12. Bf4 Qc5 13. Qd2 Nh5 14. Nd5 Nxf4 15. Qxf4 c6 16. Nf6+ Bxf6 17. Qxf6 Be6 18. Rf4 Rfd8 19. e5 Rd4 20. Raf1 Rxf4 21. Rxf4 Qe3 22. h4 Bd5 23. Kh2 Re8 24. Be4 Qc5 25. h5 Qe7 26. Bxd5 cxd5 27. h6 Qf8 28. Kg3 b5 29. Kf3 a5 30. g4 Re6 31. Qxe6 fxe6 32. Rxf8+ Kxf8 33. Ke3 g5 34. Kd4 Kf7 35. Kc5 b4 36. b3 d4 37. Kd6 a4 38. bxa4 b3 39. axb3 1-0